Estatuto del fondo de desarrollo social

Đã lưu trong:
Chi tiết về thư mục
Tác giả của công ty: BCIE
Định dạng: Texto
Được phát hành: Tegucigalpa: Honduras Industrial
Những chủ đề:
Các nhãn: Thêm thẻ
Không có thẻ, Là người đầu tiên thẻ bản ghi này!

MARC

LEADER 00000 a a2200000 04500
001 15726
003
040
090 |a EXTRAVIADO  
110 |a BCIE  
245 |a Estatuto del fondo de desarrollo social  
260 |a Tegucigalpa:   |b Honduras Industrial  
300 |a 14 p.  
650 |a LEGISLACION ECONOMICA  
999 |c 4687  |d 4687